[Event "OHS 2013"]
[Site "Herne"]
[Date "2013.01.28"]
[Round "1.20"]
[White "Funke, Eckhard"]
[Black "Nioduschewski, Nils"]
[Result "1-0"]
[WhiteElo "1861"]
[BlackElo "1260"]
[PlyCount "55"]

1. d4 d5 2. c4 dxc4 3. Nc3 Nf6 4. Bg5 e6 5. e3 Be7 6. Bxc4 Nc6 7.
Nf3 h6 8. Bh4 O-O 9. O-O Nd7 10. Bg3 Nb6 11. Bb3 Re8 12. Rc1 Na5 13. Nb5 Nxb3
14. Qxb3 c6 15. Nc7 Kf8 16. a4 Bd6 17. Bxd6+ Qxd6 18. Nxe8 Kxe8 19. a5 Nd5 20.
Qc2 g6 21. e4 Nf4 22. Qd2 g5 23. Ne5 f6 24. Nc4 Qd7 25. e5 fxe5 26. Nxe5 Qd5
27. f3 b6 28. Rxc6 1-0

[Event "OHS 2013"]
[Site "Herne"]
[Date "2013.01.28"]
[Round "1.21"]
[White "Böcker, Marcus"]
[Black "Markert, Dirk, Dr."]
[Result "0-1"]
[WhiteElo "1246"]
[BlackElo "1846"]
[PlyCount "50"]

1. e4 e6 2. f4 d5 3. e5 c5 4. Nf3 Nc6 5. Bb5 Bd7 6. Bxc6 Bxc6 7.
d3 Nh6 8. O-O Be7 9. h3 Qb6 10. Kh1 Nf5 11. Qe1 h5 12. b3 h4 13. Bb2 Ng3+ 14.
Kh2 Nxf1+ 15. Qxf1 O-O-O 16. Nbd2 Rhg8 17. Ng5 Bxg5 18. fxg5 Qc7 19. Rd1 Rdf8
20. Nf3 d4 21. Qe1 Bxf3 22. gxf3 f6 23. f4 fxg5 24. fxg5 Rf5 25. Qxh4 Qxe5+ 0-1

[Event "OHS 2013"]
[Site "Herne"]
[Date "2013.01.28"]
[Round "1.22"]
[White "Klinke, Werner"]
[Black "Heinz, Hans-Werner"]
[Result "1-0"]
[WhiteElo "1844"]
[BlackElo "1169"]
[PlyCount "20"]

1. b4 d5 2. Bb2 f6 3. e3 e5 4. b5 Bd7 5. c4 dxc4 6. Bxc4 c6 7. a4
Ne7 8. Ne2 a6 9. bxa6 bxa6 10. Qb3 Ra7 1-0

[Event "OHS 2013"]
[Site "Herne"]
[Date "2013.01.28"]
[Round "1.23"]
[White "Czarnecki, Günter"]
[Black "Göldenboog, Jürgen"]
[Result "0-1"]
[WhiteElo "1087"]
[BlackElo "1840"]
[PlyCount "45"]

1. e4 c6 2. Nc3 d5 3. exd5 cxd5 4. d4 Nc6 5. Nf3 Bf5 6. Bd3 Bxd3
7. Qxd3 e6 8. O-O Nf6 9. Bg5 Be7 10. a3 O-O 11. Ne5 Rc8 12. Nxc6 Rxc6 13. Bxf6
Bxf6 14. Ne2 Qb6 15. b4 Rfc8 16. c3 Rc4 17. Rac1 Qb5 18. Qf3 Qa4 19. Ra1 a5 20.
bxa5 Qxa5 21. Rfb1 b5 22. Qg3 Be7 23. Rc1 0-1